[Event "ENG-ch Chessable"]
[Site "Kenilworth"]
[Date "2023.05.29"]
[Round "7"]
[White "Derakhshani, Borna"]
[Black "Okhai, Shabir"]
[Result "1-0"]
[WhiteElo "2359"]
[BlackElo "2144"]
[PlyCount "135"]
[EventDate "2023.05.26"]
[EventType "swiss"]
[EventRounds "7"]
[EventCountry "ENG"]
[SourceTitle "CBM 214 Extra"]
[Source "ChessBase"]
[SourceDate "2023.07.31"]
[SourceVersion "1"]
[SourceVersionDate "2023.07.31"]
[SourceQuality "1"]

1. Nf3 Nf6 2. c4 g6 3. b3 Bg7 4. Bb2 0-0 5. g3 b6 6. Bg2 Bb7 7. 0-0 c5 8. d4 d5 9. dxc5 dxc4 10. Qxd8 Rxd8 11. cxb6 axb6 12. bxc4 Nbd7 13. Nbd2 Ra4 14. Rfc1 Rda8 15. a3 Nc5 16. Ra2 Nfe4 17. Nxe4 Bxe4 18. Bxg7 Kxg7 19. Rc3 Rd8 20. Nd2 Bxg2 21. Kxg2 Ra7 22. Nf3 Rc8 23. Nd2 Rac7 24. Ra1 Rd8 25. Nf1 Na4 26. Rc2 Ra8 27. Ne3 e6 28. Rd2 Rc6 29. Rb1 Nc3 30. Rb3 Ne4 31. Rdb2 Ra6 32. Rb4 Nc3 33. R4b3 Na4 34. Ra2 Nc5 35. Rb1 Ra7 36. f3 Nb7 37. Kf2 Nd6 38. Rb4 h5 39. h4 Kf6 40. Ra1 Ke7 41. Rb3 Ra4 42. Rc1 Kd7 43. Rcc3 Kc7 44. Rb4 Ra8 45. Nc2 Rc5 46. e4 b5 47. Ne3 bxc4 48. Nxc4 Rb8 49. Rxb8 Kxb8 50. Rb3+ Kc7 51. Nxd6 Kxd6 52. Rd3+ Ke5 53. Ke3 Rc1 54. f4+ Kf6 55. Kd4 Re1 56. Re3 Rc1 57. Rc3 Re1 58. e5+ Kf5 59. Kc5 f6 60. exf6 Kxf6 61. a4 e5 62. fxe5+ Kxe5 63. a5 Ra1 64. Kb6 Rb1+ 65. Kc6 Ra1 66. Rc5+ Kf6 67. Kb6 Ra3 68. a6 1-0

[Event "ENG-ch Chessable"]
[Site "Kenilworth"]
[Date "2023.05.28"]
[Round "6"]
[White "Yoon, Jacob D"]
[Black "Derakhshani, Borna"]
[Result "0-1"]
[WhiteElo "2035"]
[BlackElo "2359"]
[PlyCount "98"]
[EventDate "2023.05.26"]
[EventType "swiss"]
[EventRounds "7"]
[EventCountry "ENG"]
[SourceTitle "CBM 214 Extra"]
[Source "ChessBase"]
[SourceDate "2023.07.31"]
[SourceVersion "1"]
[SourceVersionDate "2023.07.31"]
[SourceQuality "1"]

1. d4 Nf6 2. Nc3 d5 3. Bg5 h6 4. Bxf6 exf6 5. Nf3 c6 6. e3 Bd6 7. Bd3 Bg4 8. h3 Be6 9. Nh4 g6 10. f4 f5 11. Nf3 Nd7 12. Ne5 Nf6 13. g4 Ne4 14. Bxe4 Qh4+ 15. Kd2 fxe4 16. Qe1 Qe7 17. Qf2 0-0-0 18. f5 gxf5 19. gxf5 Bd7 20. Nxd7 Qxd7 21. Rag1 Rhg8 22. Ne2 Rg5 23. Rxg5 hxg5 24. Rg1 f6 25. Rg2 Rh8 26. Ng1 c5 27. dxc5 Bxc5 28. c3 Qa4 29. a3 Qb5 30. Kc1 Qd3 31. Rg3 Rh4 32. Qd2 Qf1+ 33. Kc2 Qxf5 34. Rg2 Qf1 35. Kb3 Qc4+ 36. Kc2 Bd6 37. Qd4 Qxd4 38. cxd4 Kd7 39. Kd2 Ke6 40. Ke2 Rh8 41. Kd1 Kf5 42. Rf2+ Kg6 43. Ke2 f5 44. Kf1 f4 45. exf4 gxf4 46. Ne2 f3 47. Ng1 Rc8 48. Rd2 e3 49. Rd1 Rc2 0-1

[Event "London Mindsports IM-A"]
[Site "London"]
[Date "2023.02.18"]
[Round "7"]
[White "Derakhshani, Borna"]
[Black "Fitzsimons, David"]
[Result "0-1"]
[WhiteElo "2380"]
[BlackElo "2342"]
[PlyCount "72"]
[EventDate "2023.02.15"]
[EventType "tourn"]
[EventRounds "9"]
[EventCountry "ENG"]
[EventCategory "3"]
[SourceTitle "CBM 212 Extra"]
[Source "ChessBase"]
[SourceDate "2023.03.31"]
[SourceVersion "1"]
[SourceVersionDate "2023.03.31"]
[SourceQuality "1"]

1. Nf3 d5 2. g3 c5 3. Bg2 Nc6 4. d4 e6 5. 0-0 Nf6 6. e3 Be7 7. dxc5 Bxc5 8. b3 0-0 9. Bb2 Qe7 10. Qe2 e5 11. h3 h6 12. a3 Bf5 13. b4 Bd6 14. Rd1 Rac8 15. Nh4 Bh7 16. Bxd5 Nxd5 17. Rxd5 Nd4 18. exd4 Rxc2 19. Nd2 Rxb2 20. dxe5 Bc7 21. Qg4 Qe6 22. Qxe6 fxe6 23. Rd7 Bb6 24. Rf1 Ra2 25. Ng2 Rxa3 26. Nf4 Rf7 27. Rxf7 Kxf7 28. Kg2 Rc3 29. Rd1 Rc2 30. Kf3 g5 31. Nh5 Rc3+ 32. Ke2 Bc2 33. Ra1 Bd3+ 34. Ke1 Rc2 35. Rd1 Bd4 36. f4 Bc3 0-1